000 nam a22 a 4500
999 _c999
_d999
003 AKMAL
005 20170508103338.0
008 170508s2003 my e 000 0 may d
020 _a9839422537 (kkt.) :
_cRM16.50
040 _aAKMAL
082 0 4 _a297.2 HAM
_221
090 0 0 _a297.2
_bHAM
100 0 _aHamka,
_d1908-1981
_91638
245 1 0 _aKesepaduan iman & amal salih /
_cHamka
246 3 _aKesepaduan iman dan amal salih
260 _aShah Alam :
_bPustaka Dini,
_c2003
300 _aix, 198ms. ;
_c21cm.
500 _aMengandungi ayat-ayat dari Quran
650 0 _aReligious life
_xIslam
_9819
650 0 _aFaith (Islam)
_91640
650 0 _aIslam
_xDoctrines
_9894
942 _2ddc
_cBOOK